000 00935cam a22001934a 4500
005 20250605164336.0
008 250528s ||||||||||||||||||||||||d
035 _a23442
040 _aGR-AtMCL
_bgre
_dGR-AtMCL
_eAACR2
245 1 _aAn Interpretative Phenomenological Analysis (IPA), is Exploring the Interpretation and Experience of Individuals who have Tattos.
260 _c2017
300 _a94
520 _aIntroduction, Methodology, Analytical Methodology, Analytical Approach, IPA as the Chosen Research Method, Epistemology of IPA, Smith's Steps for IPA, Data Collection, Materials, Sample and Participants, Procedure, Ethics, Analysis, Discussion, Conclusion, Reflexivity, Appendix Interviews's Questions, Table of Themes, Spider Diagram, Personal Development, References, Appendix.
700 1 _aLamproukou Markella
_98963
700 1 _aTsaroucha Sofia
_99007
942 _cDS
999 _c8452
_d8452